Migraciones internacionales en américa latina: Booms, crisis y desarrollo : (Registro nro. 4889)
[ vista simple ]
| 000 -LEADER | |
|---|---|
| fixed length control field | 01321nam a2200253Ia 4500 |
| 003 - CONTROL NUMBER IDENTIFIER | |
| control field | OSt |
| 005 - DATE AND TIME OF LATEST TRANSACTION | |
| control field | 20200429124622.0 |
| 008 - FIXED-LENGTH DATA ELEMENTS--GENERAL INFORMATION | |
| fixed length control field | 191128s2008 cl ad gr 000 0dspa d |
| 020 ## - INTERNATIONAL STANDARD BOOK NUMBER | |
| International Standard Book Number | 9789562890656 |
| 040 ## - CATALOGING SOURCE | |
| Original cataloging agency | CO-JMCR |
| Transcribing agency | CO-JMCR |
| 041 0# - LANGUAGE CODE | |
| Language code of text/sound track or separate title | spa |
| 082 04 - DEWEY DECIMAL CLASSIFICATION NUMBER | |
| Classification number | 304.82 / |
| Item number | M33 |
| 100 1# - MAIN ENTRY--PERSONAL NAME | |
| Personal name | Solimano, Andrés, |
| Relator term | Coordiador |
| 9 (RLIN) | 2947 |
| 245 10 - TITLE STATEMENT | |
| Title | Migraciones internacionales en américa latina: Booms, crisis y desarrollo : |
| Remainder of title | Booms, crisis y Desarrollo / |
| Statement of responsibility, etc. | Andrés Solimano |
| 260 ## - PUBLICATION, DISTRIBUTION, ETC. | |
| Place of publication, distribution, etc. | Santiago de Chile : |
| Name of publisher, distributor, etc. | Fondo de Cultura Económica, |
| Date of publication, distribution, etc. | 2008 |
| 300 ## - PHYSICAL DESCRIPTION | |
| Extent | 462 páginas : |
| Other physical details | gráficas en blanco y negro ; |
| Dimensions | 23 cm. |
| 490 0# - SERIES STATEMENT | |
| Series statement | Sección de Obras de Economía |
| 504 ## - BIBLIOGRAPHY, ETC. NOTE | |
| Bibliography, etc. note | Bibliografía: páginas 444-448. |
| 505 ## - FORMATTED CONTENTS NOTE | |
| Formatted contents note | Migraciones internacionales, remesas y el desarrollo económico -- Migración y desarrollo: El caso de Argentina / Roxana Maurizio -- Migraciones internacionales en un contexto de crecimiento económico |
| 520 ## - SUMMARY, ETC. | |
| Summary, etc. | Migraciones Internacionales en América Latina. Booms, crisis y desarrollo es el resultado de un riguroso análisis que logra colocar al trasluz uno de los fenómenos más complejos de las últimas décadas en el continente latinoamericano |
| 650 14 - SUBJECT ADDED ENTRY--TOPICAL TERM | |
| Topical term or geographic name entry element | Migraciones internacionales |
| 9 (RLIN) | 3650 |
| 650 14 - SUBJECT ADDED ENTRY--TOPICAL TERM | |
| Topical term or geographic name entry element | Crisis y desarrollo Migración y desarrollo |
| 9 (RLIN) | 3651 |
| 942 ## - ADDED ENTRY ELEMENTS (KOHA) | |
| Source of classification or shelving scheme | Dewey Decimal Classification |
| Koha item type | Books |
| Withdrawn status | Lost status | Source of classification or shelving scheme | Materials specified (bound volume or other part) | Damaged status | Not for loan | Home library | Current library | Shelving location | Date acquired | Source of acquisition | Cost, normal purchase price | Total Checkouts | Full call number | Barcode | Date last seen | Copy number | Price effective from | Koha item type |
|---|---|---|---|---|---|---|---|---|---|---|---|---|---|---|---|---|---|---|
| Dewey Decimal Classification | Donación--15/04/2018-- | Biblioteca Pública José María del Castillo y Rada | Biblioteca Pública José María del Castillo y Rada | General Stacks | 11/28/2019 | Donación | 0.00 | 304.82 / M33 | 430001149 | 05/16/2024 | Ej.2 | 11/28/2019 | Books |